[Event "Presidents Cup "]
[Site "Elista"]
[Date "1998.05.08"]
[Round "1.2"]
[White "Salov, Valery"]
[Black "Onischuk, Alexander"]
[Result "1/2-1/2"]
[WhiteElo "2680"]
[BlackElo "2610"]
[Annotator "Tsesarsky,I"]
[PlyCount "68"]
[EventDate "1998.05.07"]
[EventType "k.o."]
[EventRounds "6"]
[EventCountry "RUS"]
[SourceTitle "CBM 065"]
[Source "ChessBase"]
[SourceDate "1998.08.06"]
[SourceVersion "1"]
[SourceVersionDate "1998.08.06"]
[SourceQuality "1"]

1. d4 d5 2. c4 e6 3. Nf3 c6 4. Qc2 Bd6 5. g3 f5 6. Bf4 (6. Bg2 Ne7 7. Bf4 Bxf4
8. gxf4 O-O 9. e3 Nd7 10. cxd5 exd5 11. Nc3 a5 12. O-O-O b5 13. Kb1 a4 (13...
Nb6 14. Ne5 a4 15. Ne2 $16) 14. a3 b4 $5 (14... Nb6 15. Na2 Nc4 16. Rhg1 $16)
15. axb4 Ba6 16. Bf1 (16. Nxa4 $16) 16... a3 17. b3 a2+ 18. Ka1 $16 {Gheorghiu,
F-Skembris,S/Dubai olm 1986/1-0 (71)}) 6... Bxf4 $1 (6... Nf6 $2 7. Bxd6 $1 (7.
Nbd2 $2 O-O $2 (7... Bxf4 8. gxf4 O-O $11) 8. Bxd6 $1 Qxd6 9. Bg2 Ne4 10. O-O
Bd7 11. c5 Qc7 12. Nxe4 fxe4 13. Ne5 Be8 14. Bh3 Qe7 15. f3 exf3 16. exf3 $16 {
1/2-1/2 Raetsky,A-Kaenel,H/Bad Zurzach op 1995 (32)}) 7... Qxd6 8. Bg2 O-O 9.
O-O Nbd7 10. Nbd2 Ne4 11. Rac1 h6 12. Rfd1 Qe7 13. Ne5 Nxe5 14. dxe5 Nxd2 15.
Qxd2 Bd7 16. b4 a6 17. f4 $16 {1-0 Rashkovsky,N-Popov,V/RUS-chT Kazan 1995 (38)
}) 7. gxf4 Nf6 8. e3 O-O 9. Nc3 Nbd7 (9... Ne4 10. Nxe4 fxe4 11. Ne5 Nd7 12.
Nxd7 Bxd7 13. O-O-O $14 (13. h4 $6 c5 $1 14. dxc5 Qa5+ 15. Qd2 Qxc5 16. cxd5
exd5 17. Rc1 Qd6 18. Bc4 Bc6 $132 {Raetsky,A-Apicella,M/Open, Cappelle la
Grande FRA 1998/0-1 (67)})) 10. Bd3 Ne4 11. O-O-O b6 12. cxd5 $6 (12. Rhg1 Bb7
13. Rg2 $14 (13. Bxe4 $6 fxe4 14. Ne5 Nxe5 15. dxe5 Qh4 16. Rg2 $132 (16. cxd5
$6 cxd5 $15 {0-1 Leski,M-Apicella,M/FrTCh, Montpellier FRA 1998 (32)}))) (12.
Kb1 $5 Ba6 13. Rc1 Nd6 (13... b5 14. c5 Qa5 $14 (14... b4 $6 15. Bxa6 bxc3 16.
bxc3 $16)) 14. Qa4 Qc8 15. Nb5 Nxb5 (15... cxb5 16. cxb5 $16) 16. cxb5 Bxb5 17.
Bxb5 cxb5 18. Qxb5 $14) 12... cxd5 13. Kb1 $132 Bb7 14. Bxe4 $1 (14. Rc1 Rc8
15. h4 Qe7 16. Bxe4 (16. Qe2 Nxc3+ 17. bxc3 Rc7 18. Qb2 Rfc8 $15) 16... dxe4
17. Ne5 Nxe5 18. dxe5 Ba6 19. Ka1 Rfd8 $15) 14... fxe4 (14... dxe4 15. Ne5 (15.
Ng5 Qe7 16. Qb3 Rae8 17. Rhg1 h6 18. Nh3 Rc8 $11) 15... Nxe5 16. dxe5 Qe8 17.
Rd6 Rf7 18. Qb3 $14) 15. Nd2 (15. Ng5 $5 Qe7 16. Rhg1 Rac8 17. Qe2 Rc6 18. f3
h6 19. Nh3 exf3 20. Qxf3 $132) 15... Ba6 16. Ka1 (16. Qa4 Bd3+ 17. Ka1 a5 18.
Rc1 Rc8 19. f3 exf3 20. Nxf3 Qe7 21. Rhg1 Rc4 22. Qd1 Bf5 $132) 16... Bd3 17.
Qb3 b5 $6 $14 (17... Rc8 18. Rhg1 $132) 18. f3 (18. Nxb5 $4 Rb8 $19) 18... Bc4
(18... exf3 19. Nxf3 Bc4 20. Qc2 Qe7 (20... Nf6 21. b3 b4 22. Na4 Bb5 23. Nc5
Rc8 24. Ng5 Qe7 25. Qd2 Rc6 26. Qxb4 $16) 21. b3 b4 22. Na4 Bb5 23. Ng5 Rf5 24.
Nb2 $14) 19. Nxc4 bxc4 20. Qc2 (20. Qa3 exf3 21. Rhf1 $14) 20... exf3 21. Rhf1
Rb8 22. Rxf3 Nf6 23. f5 (23. Rg1 Rf7 24. Rf2 Rfb7 25. Rfg2 Ne8 26. Na4 Qa5 27.
Qd1 Rb4 28. Nc5 $14) 23... Qe7 24. e4 (24. fxe6 Qxe6 $11) 24... dxe4 25. Nxe4
exf5 (25... Nd5 26. Qxc4 $14) (25... Nxe4 26. Qxe4 Qd6 27. fxe6 Rxf3 28. Qxf3
Qxe6 29. d5 Qe5 30. Qc3 Qxh2 31. d6 Qf4 32. d7 Rd8 33. Qe1 Qf7 34. Qe5 $14) 26.
Qxc4+ Kh8 27. Nc5 (27. Nxf6 Rxf6 28. d5 $14) 27... Qd6 (27... g6 28. d5 $1 Rfc8
29. Rc3 Qe5 30. d6 Ne4 31. d7 Nxc3 32. dxc8=Q+ Rxc8 33. Ne6 $3 $18 Re8 (33...
Rxc4 34. Rd8#) 34. Ng5 Qf6 (34... Nxd1 35. Nf7+ $18) 35. Qxc3 $18) 28. Rxf5 (
28. h3 Qh2 29. Qc3 Rfe8 30. Rxf5 Re2 $44) 28... Qxh2 29. Nd3 $6 (29. b3 Rbc8
30. Re5 (30. d5 Qd6 $17) 30... Nd7 31. Re7 Nxc5 32. dxc5 Qg3 33. c6 $132) (29.
Qc1 $142 Rfe8 30. Rh1 Qd6 31. Qc2 Re7 (31... Qxd4 $2 32. Rxf6 $18) 32. Re5 Rc7
(32... Rxe5 33. dxe5 Qxe5 34. Nd7 Qd5 35. Rd1 Qxd1+ 36. Qxd1 Rd8 37. Qc1 $1
Nxd7 38. Qc7 Re8 39. a4 $16) 33. Qh2 Rc6 (33... Qxd4 34. Ne6 $18) 34. Kb1 $1
$14) 29... Rfc8 30. Rc5 Rd8 (30... Rxc5 31. dxc5 Rd8 32. c6 (32. Rc1 $132)
32... Qd6 $132) 31. b3 (31. Rc1 $132) 31... Qe2 32. Nb2 (32. Rc1 Nd7 33. Ne5
Qxc4 34. R5xc4 Nxe5 35. dxe5 Re8 $11) 32... Qf3 33. d5 Ne4 $6 (33... a5 34.
Rxa5 Rbc8 35. Qd3 (35. Rc5 Rxc5 36. Qxc5 Nxd5 $132) 35... Qxd3 36. Nxd3 Rxd5
37. Rxd5 Nxd5 $132) 34. Rc7 Qg2 $14 (34... Qg2 35. Re7 (35. Qd4 Nf2 (35... Nf6
36. Qxa7 $5 (36. Rg1 Qxd5 37. Qxd5 Rxd5 38. Rgxg7 (38. Rxa7 $132) 38... Re8 39.
a4 a5 40. Rgf7 Re6 $11) 36... Ra8 37. Qg1 Qxg1 38. Rxg1 g6 $1 $132) 36. Rdc1
$14) 35... Nd6 36. Qc7 Nf5 (36... Rbc8 37. Qxa7 Rc2 38. Ree1 $1 Rdc8 (38...
Rxb2 39. Rg1 $18) 39. Qd4 $14) 37. Rd7 Qg5 38. Nc4 Qf6+ 39. Kb1 Rxd7 40. Qxb8+
Rd8 41. Qxa7 $16) 1/2-1/2

[Event "Linares Anibal op 04th"]
[Site "Linares"]
[Date "1997.??.??"]
[Round "3"]
[White "Collas, Didier"]
[Black "Becerra Rivero, Julio"]
[Result "0-1"]
[WhiteElo "2365"]
[BlackElo "2510"]
[Annotator "Tsesarsky,I"]
[PlyCount "52"]
[EventDate "1997.02.??"]
[EventType "swiss"]
[EventRounds "10"]
[EventCountry "ESP"]
[SourceTitle "CBM 058"]
[Source "ChessBase"]
[SourceDate "1997.06.01"]
[SourceVersion "1"]
[SourceVersionDate "1997.06.01"]
[SourceQuality "1"]

1. d4 d5 2. c4 c6 3. e3 Nf6 4. Bd3 e6 5. Nf3 Nbd7 6. Nbd2 Bd6 7. O-O O-O 8. e4
e5 9. exd5 (9. cxd5 cxd5 10. Re1 Re8 11. exd5 exd4 12. Rxe8+ Qxe8 13. Nc4 Bc5
14. d6 b6 15. Bf4 Bb7 16. Qd2 $132 {1-0 Garcia Ilundain David-Vera Reynaldo/It
(cat.9) Leon (Spain) 1996 (35)}) 9... cxd5 10. cxd5 exd4 11. Nxd4 Ne5 (11...
Nc5 12. Bc4 Bb8 13. b4 Na6 14. a3 Nc7 15. Bb2 Ncxd5 $11 {Guimard,C-Balparda,J/
Mar del Plata 1934/1-0 (84)}) (11... Nb6 12. Nf5 Bxf5 13. Bxf5 Nbxd5 14. g3 $14
(14. Ne4 $4 Bxh2+ 15. Kxh2 Nxe4 16. Bxe4 Qh4+ 17. Kg1 Qxe4 $17 {Tsesarsky I -
Bruk O Ramat-Hasharon 1992 0 - 1 (52)})) 12. Ne4 $6 (12. Be4 Bc5 13. N4f3 Bg4
14. Qb3 Nxf3+ 15. Bxf3 Bxf3 16. Nxf3 Qxd5 17. Qxd5 Nxd5 18. Bd2 Rfe8 {1/2-1/2
Helgason,R-Eriksson,M/Malmo 1993}) (12. Bc2 Nxd5 13. Ne4 Be7 14. Qh5 Ng6 15.
Rd1 $14 {0-1 Babula,V-Trichkov,V/Pardubice op 1994 (28)}) (12. Bf5 Bc5 (12...
Qb6 13. N2b3 Rd8 14. Bg5 Bf8 15. Qe2 $14 {1/2-1/2 Eperjesi,L-Dao Thien Hai/
Budapest FS05 IM 1995 (27)}) 13. N2b3 Bxd4 14. Nxd4 Qxd5 15. Bg5 Neg4 16. Bxc8
Raxc8 17. Nf3 Qb5 $11 {Karpov Anatoly-Shirov Alexei/It "Melody Amber" 
(blindfold), Monte Ca 1996/0-1 (50)}) 12... Nxd3 13. Qxd3 $2 (13. Nxf6+ Qxf6
14. Qxd3 $44) 13... Nxe4 14. Qxe4 Re8 15. Qd3 $8 Re5 $1 $15 {BB ->} 16. Be3 Rh5
17. g3 $6 {[%csl Rf3,Rg2]} (17. h3 $142 Bf8 $15 (17... Rxd5 $15)) 17... Bf8 $17
18. Ne2 (18. Qe4 Rxd5 19. Rad1 Bh3 20. Rfe1 Bb4 21. Re2 Qd7 $17) 18... Rxd5 19.
Qb3 $6 (19. Qe4 {[%cal Gh1e4]} Bf5 20. Qf3 Qd7 21. Nc3 Rd3 $6 (21... Rd6 22.
Rfd1 (22. Rac1 a6 $15) 22... Bg4 23. Rxd6 Bxd6 24. Qd5 a6 (24... Be6 25. Qe4
$132) 25. Ne4 Bf8 26. Qxd7 Bxd7 $15) 22. Rfd1 $11) 19... b6 20. Rad1 (20. Nf4
Rd7 21. Rad1 Bd6 $5 (21... Bb7 22. Ne6 $5 Qe8 23. Rxd7 Qxd7 24. Nxf8 Rxf8 25.
f3 Re8 $15) 22. Rfe1 Bb7 23. Qa4 (23. Ne6 Qc8 (23... Qe8 24. Ng5 (24. Bg5 Bb4
25. Nc7 (25. Rxd7 Qxd7 26. Qxb4 Qd5 $1 $19) 25... Rxd1 26. Rxd1 Qe4 27. Nd5 $8
Bc5 $17) 24... h6 25. Bc5 Be5 26. Rxd7 Qxd7 27. Rxe5 bxc5 28. Ne4 Rd8 29. Nc3
Qc6 30. Ne4 c4 $17) 24. Rc1 Qe8 25. Ng5 h6 26. Bc5 Bxc5 (26... Qb8 27. Bxd6
Qxd6 $17) 27. Rxe8+ Rxe8 28. Nh3 Re2 $17) 23... Bf3 24. Rd3 Bg4 (24... b5 $2
25. Qxb5 Rb8 26. Qf5 Rxb2 $4 27. Bc1 $18) 25. Qb3 (25. h3 $2 Bxf4 26. Rxd7 Bxd7
27. Qxf4 Bxh3 $17) 25... Rc8 26. Nd5 Be6 27. Red1 Bc5 $17) 20... Bb7 21. Nc3 $2
(21. Nf4 $142 $17) 21... Rxd1 22. Rxd1 Qf6 $19 {[%csl Yb7,Rf3,Rg2]} 23. Nd5 (
23. Bf4 Re8 24. Nd5 Qe6 $19) 23... Qe6 24. Bg5 $6 (24. Nc3 $142 Qf5 25. f4 {
[%csl Rg1]} Re8 (25... Bc5 26. Bxc5 Qxc5+ 27. Kf1 Re8 28. Qc2 Qc6 29. Qf2 b5 (
29... Qh1+ 30. Qg1 Ba6+ 31. Kf2 Qc6 32. g4 $17) 30. a3 a5 31. Ne2 b4 32. Nd4 (
32. axb4 Ba6 $19) 32... Qc4+ 33. Kg1 Qd5 34. Kf1 bxa3 35. bxa3 Rd8 36. Ke1 h5 (
36... Qh1+ 37. Kd2 Qe4 $17) 37. Kf1 Qh1+ 38. Ke2 Ba6+ 39. Kd2 Qd5 40. Kc1 Qc5+
$19) 26. Bd4 Bc5 27. Qa4 Bxd4+ 28. Qxd4 Qh3 29. Ne4 Kh8 30. Qc4 Qg4 31. Nf2 Qf3
32. Qf1 h5 33. Rd3 Re1 34. Rxf3 Rxf1+ 35. Kxf1 Bxf3 $17) (24. Qd3 Rd8 25. Nf6+
Qxf6 26. Qxd8 Qf3 27. Kf1 Qh1+ 28. Ke2 Bf3+ $19) 24... Re8 25. f3 (25. h4 h6 $1
(25... Bc5 26. Be3 Bd6 27. Bg5 h6 28. Bc1 (28. Be3 Bxg3 29. fxg3 Bxd5 30. Rxd5
Qxe3+ 31. Qxe3 Rxe3 32. Kf2 Re7 $17)) 26. Bf4 Rd8 27. Ne3 Qe4 28. f3 Rxd1+ 29.
Qxd1 Qxf3 30. Qxf3 Bxf3 $19) 25... h6 {[%csl Rg5]} 26. Bh4 (26. Bf4 g5 27. Bc1
Bxd5 28. Qxd5 Qxd5 29. Rxd5 Re1+ $19) 26... g5 0-1

[Event "Goodricke op 12th"]
[Site "Kolkata"]
[Date "2001.02.09"]
[Round "4"]
[White "Sanjay, N."]
[Black "Kharlov, Andrei"]
[Result "1/2-1/2"]
[WhiteElo "2364"]
[BlackElo "2639"]
[Annotator "Tsesarsky,I"]
[PlyCount "88"]
[EventDate "2001.02.06"]
[EventType "swiss"]
[EventRounds "11"]
[EventCountry "IND"]
[SourceTitle "CBM 082"]
[Source "ChessBase"]
[SourceDate "2001.05.17"]
[SourceVersion "1"]
[SourceVersionDate "2001.05.17"]
[SourceQuality "1"]

1. Nf3 d5 2. d4 c6 3. c4 e6 4. Qc2 Nf6 5. Bg5 dxc4 6. Qxc4 b5 7. Qc2 Bb7 8. e3
(8. e4 Nbd7 9. Nbd2 {see detailed commented dame1/2-1/2 Karpov,A-Grischuk,A/
Linares 2001/CBM 82_01/[Tsesarsky] (20)}) 8... Nbd7 9. Nbd2 (9. Bd3 h6 $5 $146
{1-0 Gurevich,M-Grischuk,A/Cannes 2001/CBM 82_01/[Tsesarsky] (44)} ({On} 9...
a6 {goes} 10. a4 {-Gelfand's strong novelty} c5 (10... Bb4+ {-see commented
game 0-1 Gelfand,B-Krasenkow,M/Lvov 2000/CBM 77 (37) [Tsesarsky,I]}) {Here on}
11. axb5 $14 {Black can't play g7-g5!})) 9... a6 (9... Qb6 {-see commented
game  1-0 Ibragimov,I-Lugo,B/New York 1998/CBM 64 [Tsesarsky,I](20)}) 10. a4 h6
(10... Qb6 {-see commented game 1/2-1/2 Fominyh,A-Kharlov,A/Samara 2000/CBM 78
(41)[Tsesarsky,I]}) 11. Bxf6 Qxf6 12. Bd3 $14 {[%mdl 4]} Bb4 (12... Rc8 13. Qb3
{Last moves can be explained by c6-c5 promotion - surround this factor
struggle is maintained by both sides.} e5 14. Ne4 Qg6 15. O-O (15. Ng3 Qd6 16.
O-O $14) 15... exd4 16. exd4 Be7 17. Ng3 Qe6 $8 18. Qxe6 fxe6 19. Rfe1 $14) 13.
O-O O-O 14. axb5 $1 axb5 ({Wrong is} 14... cxb5 15. Qc7 Bxf3 (15... Bc8 16.
Bxb5 $16) 16. Nxf3 Qe7 17. Rfc1 $16) 15. Bh7+ $1 (15. Ne4 $6 Qe7 16. Rfd1 Rfd8
17. Qb3 (17. Ng3 Rxa1 18. Rxa1 c5 19. Bh7+ Kh8 20. Be4 Nf6 $11) 17... c5 $1
$132) 15... Kh8 16. Be4 Qe7 {[%cal Gf7f5]} 17. Nb3 {[%csl Rc5]} (17. Bxc6 $4
Rac8 $19 {[%csl Rc6]}) 17... f5 18. Bd3 Rxa1 $2 $16 {Badly. Based probably on
tactical blunder.} (18... Rfc8 $142 19. Rxa8 $1 (19. e4 c5 20. Rxa8 Rxa8 21.
dxc5 (21. exf5 c4 $17) 21... Rc8 22. exf5 Bxf3 23. gxf3 Qg5+ 24. Kh1 Nxc5 25.
Be4 exf5 26. Bxf5 Rf8 27. Nd4 Qf4 $44) 19... Rxa8 20. e4 fxe4 21. Bxe4 Qd6 22.
Rd1 $14 {[%csl Rb7,Rc6,Re6][%cal Gf3h4]}) 19. Rxa1 {[%cal Ga1a8]} Ra8 ({
Another possibility} 19... c5 20. Bxb5 $1 Bxf3 21. gxf3 cxd4 22. Ra7 Rd8 23.
Nxd4 $16 {also leads to White advantage.}) 20. Rxa8+ Bxa8 21. Bxb5 $1 {I guess,
this impact was missed by Black.} cxb5 (21... Qd6 $142 22. Ba4 $16) 22. Qc8+
Qf8 ({or} 22... Nf8 23. Qxa8 Qc7 24. Qe8 $1 (24. Nbd2 Qc1+ 25. Nf1 Qxb2 26. Ne5
Kh7 $132) 24... Qc2 25. Nbd2 Bxd2 26. Qxf8+ Kh7 27. h4 Qxb2 {Here white can
recieve advantage by two ways:} 28. Qf7 (28. Qe8 Qb1+ 29. Kh2 Bc3 30. Ne5 {
[%csl Rh7]} f4 $8 31. Nd7 Bb4 32. Qxe6 fxe3 33. Qxe3 $16) 28... Qb1+ 29. Kh2
Qa2 30. Ne5 Bb4 31. Qg6+ Kg8 32. f4 $16) 23. Qxd7 Bd5 24. Nbd2 {[%csl Rb5]} ({
White leaves with advantage also after} 24. Nc1 $1 {[%cal Gc1d3]} Qb8 (24...
Qa8 25. Qxb5 Bxf3 (25... Qa1 26. Qxb4 Qxc1+ 27. Ne1 $18) 26. gxf3 $18 Qxf3 27.
Qxb4 Qd1+ 28. Kg2 Qxc1 (28... Qg4+ 29. Kf1 Qd1+ 30. Qe1 $18) 29. Qc3 Qd1 30. h3
$18) 25. Ne5 (25. Nd3 Qa8 26. h4 Qa1+ 27. Kh2 Qf1 $1 $44 {[%csl Rf2][%cal
Gd5f3,Gf1f2]}) 25... Qa8 $5 (25... Bd2 $2 26. Ne2 Qa8 27. Ng3 Qa1+ 28. Nf1 Qxb2
29. Qe8+ Kh7 30. Qg6+ Kg8 31. Nd7 $18 {[%cal Gd7f6]}) 26. Qxb5 Qa1 27. Ned3 Bd2
28. Qc5 Be4 29. Qc2 Bxe3 30. fxe3 Bxd3 31. Qd2 $16) 24... Qa8 $2 $18 {Makes
Black position hopeless.} ({Much better was} 24... Qb8 25. Nf1 $16) 25. Qxb5
Bxd2 26. Nxd2 Bxg2 27. f3 $4 $44 {terrible move. Indeed it was not necessary
to give back a material.} ({Strong enough was} 27. b4 $1 Bc6 28. Qa5 Qe8 29. f3
$18) 27... Bxf3 28. Nxf3 Qxf3 $44 {[%csl Rg1]} 29. Qe8+ Kh7 30. Qxe6 h5 ({Or} 
30... g5 $44 31. d5 (31. Qd7+ Kg6 32. Qd6+ Kf7 33. Qc7+ Kg6 34. Qc1 Qg4+ 35.
Kf2 Qh4+ 36. Kg2 (36. Ke2 $2 Qxh2+ 37. Kd3 g4 $17) 36... Qg4+ $11) 31... Qd1+
32. Kf2 Qd2+ 33. Kf3 Qd1+ $11) 31. Qe5 g5 32. Qe7+ Kg6 33. Qe6+ Kg7 34. Qe7+
Kg6 35. Qd6+ Kh7 36. Qe7+ Kg6 37. Qe6+ Kg7 38. Qe5+ Kg6 39. Qd6+ Kh7 40. Qg3
Qd1+ 41. Kg2 Qe2+ 42. Qf2 Qg4+ 43. Qg3 Qe2+ 44. Qf2 Qg4+ 1/2-1/2

[Event "North Sea Cup 15th"]
[Site "Esbjerg"]
[Date "2000.07.14"]
[Round "8"]
[White "Hansen, Curt"]
[Black "Grischuk, Alexander"]
[Result "1/2-1/2"]
[WhiteElo "2613"]
[BlackElo "2606"]
[Annotator "Tsesarsky,I"]
[PlyCount "43"]
[EventDate "2000.07.07"]
[EventType "tourn"]
[EventRounds "9"]
[EventCountry "DEN"]
[EventCategory "14"]
[SourceTitle "CBM 078"]
[Source "ChessBase"]
[SourceDate "2000.10.18"]
[SourceVersion "1"]
[SourceVersionDate "2000.10.18"]
[SourceQuality "1"]

1. d4 d5 2. c4 e6 3. Nf3 c6 4. Qc2 Nf6 5. Bg5 Nbd7 6. cxd5 cxd5 (6... exd5 7.
e3 (7. Nc3 Bb4 8. e3 h6 9. Bh4 O-O 10. Bd3 $14 {Dudas,J-Bagyanszky,A/Budapest,
Papp mem(3) SZT 1995/1/2-1/2 (122)}) 7... Bd6 (7... Qa5+ 8. Nbd2 Ne4 9. Bh4 {
1-0 Lobron-Sevillano/Moscow olm 1994/ (44)}) 8. Bd3 h6 9. Bh4 Nf8 10. Nc3 $14 {
1-0 Kouatly,B-Roos,L/FRA tt 1989/ (43)}) 7. a3 (7. Nc3 Be7 8. e3 a6 9. Bd3 b5 (
9... h6 10. Bf4 O-O 11. g4 $1 $14 {1-0 Cebalo,M-Zorman,V/Pula PCA ,EXT 1994/ 
(32)}) (9... b6 $1 $11 {[%cal Gc8b7,Ge8g8]}) 10. O-O Bb7 11. a4 b4 12. Nb1 a5
13. Qe2 h6 14. Bh4 Ne4 15. Bxe7 Kxe7 16. Nbd2 Qb6 17. Bb5 Nxd2 18. Nxd2 Ba6 19.
Bxa6 Qxa6 20. Qxa6 Rxa6 21. Rfc1 Kd6 {1/2-1/2 Nielsen,P-Luther,T/Minsk 1994/
(26)}) (7. e3 $5 {The main idea of this moves order is to delay Nb1
development and preventind of b7-b6 with Bc8-b7.} b6 $1 (7... Bd6 $6 8. Bd3 $1
{See comments to the game 1-0 Azmaiparashvili,Z-Efimov,I/Saint Vincent ITA
2000/CBM 78 (28) (Tsesarsky)}) 8. Bd3 (8. Bb5 a6 (8... Bb7 9. Ne5 $18) 9. Bc6
Ra7 10. Bxf6 gxf6 11. Nbd2 Rc7 12. Rc1 Bd6 $11) 8... Bb7 $11) 7... b6 $1 {
[%mdl 4] Grischuk demonstrates plan of White advantage newtralization.} 8. e3
Bb7 9. Nc3 a6 10. Bd3 Be7 {White Bd3 is better than Bb7, but how to use it?}
11. O-O O-O 12. a4 (12. Rfc1 Rc8 (12... h6 13. Bh4 Qb8 14. Bg3 Bd6 15. Bxd6
Qxd6 16. Qe2 Rfc8 $11) 13. Qe2 b5 14. Rc2 h6 15. Bh4 Nb6 16. Ne5 Nc4 $11) 12...
h6 13. Bh4 Nb8 14. Ne5 Nfd7 15. Bxe7 Qxe7 16. f4 Nc6 17. Nxc6 (17. Qf2 Ndxe5
18. fxe5 f6 $11) 17... Bxc6 18. Qb3 (18. Rfc1 Rfc8 19. Qe2 Bb7 20. Rc2 Nb8 $1
$11 {[%cal Gb8c6,Gc6b4]}) 18... Rfc8 19. Rac1 Bb7 20. Nb1 Qd8 21. Nd2 a5 (21...
Rc7 $11) 22. Nf3 1/2-1/2